The 50 Most Beautiful Cities in the World - Statistics

General Stats
  • This quiz has been taken 736 times
  • The average score is 28 of 50
Answer Stats
# Clue Answer % Correct
4 Most Populous city of USA New York
97%
5 It has the Trafalgar Square' Piccalilly Circus and the Westminster Abbey London
94%
1 There are boats in this city instead of cars Venice
94%
7 Most Populous City in the European Union Paris
89%
27 ____ was not built in one day. Fill in the proverb Rome
85%
9 Its famous residents included Anne Frank the diarist, the artists Rembrandt van Rijn and Vincent van Gogh and the philosopher Baruch Spinoza Amsterdam
84%
3 Home to Hagia Sophia Istanbul
81%
22 Christ the Redeemer is located here Rio de Janeiro
79%
31 Largest city of Hungary Budapest
78%
28 Most populous city in the Nordic countries Stockholm
78%
8 Third capital of Africa after Bloemfontein and Pretoria Cape Town
77%
25 It is the most populous city in the People's Republic of China[ Shanghai
77%
18 It has the Coat Hanger and the Opera House Sydney
77%
46 This city is known as Wien in German Vienna
76%
10 Formerly it was known as Petrograd and Leningrad St. Petersburg
74%
17 It is the most populous city in Tuscany Florence
72%
34 Capital of Scotland Edinburgh
71%
15 World's only island city-state Singapore
71%
48 Capital of USA Washington D.C.
71%
21 It is Europe's westernmost capital city Lisbon
70%
14 Largest metropolis on the Mediterranean Sea Barcelona
69%
20 Second most populous city in the United Arab Emirates Abu Dhabi
68%
16 The most populous city in the Caribbean region Havana
68%
2 City having the most skyscrapers Hong Kong
67%
12 Formerly the Imperial capital of Japan for more than one thousand years Kyoto
67%
37 The largest Spanish-speaking city in the world Mexico City
65%
36 It is the most populous city in the Canadian province of British Columbia Vancouver
64%
41 Largest city of the Baltic states Riga
60%
19 The birthplace of composer Wolfgang Amadeus Mozart in Austria Salzburg
57%
44 Along with Mexico City and São Paulo, it is one of the three Latin American cities considered an alpha city Buenos Aires
56%
39 Has the Dome of the Rock and the Wailing Wall Jerusalem
55%
35 It is South Korea's second largest city after Seoul Busan
47%
23 Pink City of India ; Tenth largest city in India starts with J Jaipur
47%
50 Capital of Oman Muscat
47%
26 The second-most densely populated major city in the United States San Francisco
46%
49 Largest city in Andalusia, Spain Seville
42%
33 Has the lowest unemployment rate in the European Union. Prague
35%
38 It is the oldest city in the U.S. state of South Carolina Charleston
32%
43 Capital of Canada during French rule Quebec City
31%
30 This city in Colombia is served by The Rafael Núñez International Airport Cartagena
22%
32 This city was known as Little San Francisco and The Jewel of the Pacific in Chile Valparaiso
22%
42 Highest official capital city in the world Quito
21%
29 It is sometimes referred to as The Venice of the North Bruges
18%
47 This city has the world's 5th Largest Mall in Iran Isfahan
17%
24 It is the most populous city in Central Switzerland Lucerne
15%
40 Capital of the maritime Republic of Ragusa Dubrovnik
13%
13 It is a resort town in Otago, New Zealand Queenstown
11%
11 It was officially recognized as one of the New7Wonders Cities together with Vigan, Doha, Durban, Havana, Kuala Lumpur, and La Paz Beirut
9%
6 A city in Morocco where all the buildings are blue Chefchaouen
9%
45 Its ancient name is Chiang Thong Luang Prabang
1%
No matching quizzes found
Score Distribution
Percent of People with Each Score
Percentile by Number Answered
Your Score History
You have not taken this quiz